Logo BPK

Biblioteka

Politechniki Koszalińskiej

Leben und Tod Sebastian Silligs : (Rekord nr 50284)

Szczegóły MARC
000 -ETYKIETA REKORDU
podpole kontrolne o stałej długości 00867nam a2200253 i 4500
001 - NUMER KONTROLNY REKORDU
pole kontrolne bgj
020 ## - MIĘDZYNARODOWY ZNORMALIZOWANY NUMER KSIĄŻKI - ISBN
ISBN 3924555648
040 ## - ŹRÓDŁO KATALOGOWANIA
Instytucja, która utworzyła rekord BPK
041 0# - KOD JĘZYKA
Kod języka tekstu ger
044 ## - KOD KRAJU WYDAWCY/PRODUCENTA
Kod kraju wydawcy/producenta DEU
080 ## - UNIWERSALNA KLASYFIKACJA DZIESIĘTNA - UKD
UKD 821.112.2-3
920 ## - Międzynarodowy znormalizowany numer książki – ISBN
ISBN 3-924555-64-8
008 - POLE O STAŁEJ DŁUGOŚCI - DANE KONTROLNE
podpole kontrolne o stałej długości s gw f |000 0 ger
100 1# - NAZWA OSOBOWA
Nazwa osobowa WAGNER, Heinrich Leopold.
245 10 - TYTUŁ/ODPOWIEDZIALNOŚĆ
Tytuł Leben und Tod Sebastian Silligs :
Ciąg dalszy tytułu Ein Roman für allerley Leser zur Warnung nicht zur Nachfolge /
Pozostałe elementy strefy tytułu i oznaczenia odpowiedzialności Heinrich Leopold Wagner ; mit einem Nachwort hrsg. von Gerhard Sauder und Christoph Weiß.
260 ## - STREFA ADRESU WYDAWNICZEGO
Miejsce wydania St. Ingbert :
Nazwa wydawcy/dystrybutora Werner J. Röhrig Verlag,
Data publikacji, dystrybucji/powstania dokumentu 1991.
300 ## - STREFA OPISU FIZYCZNEGO
Objętość 98 s. :
Inne cechy fizyczne il. ;
Rozmiary 21 cm.
490 1# - STREFA SERII I DOKUMENTU WIELOCZĘŚCIOWEGO - FORMA NIE DO WYSZUKIWANIA
Tytuł i oznaczenie odpowiedzialności serii Kleines Archiv des Achtzehnten Jahrhunderts
Numeracja w obrębie serii 12
650 9# - HASŁO PRZEDMIOTOWE W FORMIE NAZWY OGÓLNEJ LUB JEDNOSTKOWEJ
Nazwa ogólna lub geograficzna Powieść niemiecka
700 1# - HASŁO DODATKOWE - NAZWA OSOBOWA
Nazwa osobowa SAUDER, Gerhard.
700 1# - HASŁO DODATKOWE - NAZWA OSOBOWA
Nazwa osobowa WEISS, Christoph.
830 ## - HASŁO DODATKOWE SERII LUB DOKUMENTU WIELOCZĘŚCIOWEGO - TYTUŁ UJEDNOLICONY
Tytuł ujednolicony Kleines Archiv des Achtzehnten Jahrhunderts
856 ## - LOKALIZACJA I DOSTĘP DO ELEKTRONICZNYCH DOKUMENTÓW ZDALNYCH
Link (URL) http://koha.tu.koszalin.pl/cgi-bin/koha/opac-detail.pl?biblionumber=50284
Tekst linku Katalog online BPK
942 ## - DODATKOWE ELEMENTY (KOHA)
Typ dokumentu Książka
Egzemplarze
Wycofany Status egzemplarza Uszkodzony Dostępność Lokalizacja stała Lokalizacja bieżąca Miejsce przechowywania Sygnatura Kod kreskowy Typ dokumentu
      Dostępny Biblioteka Politechniki Koszalińskiej Biblioteka Politechniki Koszalińskiej Wypożyczalnia Językowa N 172 02120171 Książka
© 2023 Biblioteka Politechniki Koszalińskiej :: KOHA